Welcome to the Holygrace Academy Library

Please use search bar below to get started

AATHI (Record no. 8635)

MARC details
000 -LEADER
fixed length control field 02083nam a22001577a 4500
020 ## - INTERNATIONAL STANDARD BOOK NUMBER
ISBN 978-81-226-0898-4
082 ## - DEWEY DECIMAL CLASSIFICATION NUMBER
Classification number 894.812.3
Item number SAR/A
100 ## - MAIN ENTRY--AUTHOR NAME
Personal name JOSEPH, SARAH
245 ## - TITLE STATEMENT
Title AATHI
246 ## - VARYING FORM OF TITLE
Title proper/short title AATHI
Remainder of title AATHI
260 ## - PUBLICATION, DISTRIBUTION, ETC. (IMPRINT)
Place of publication THRISSUR, KERALA
Name of publisher CURRENT BOOKS
Year of publication 2018
300 ## - PHYSICAL DESCRIPTION
Number of Pages 301
520 ## - SUMMARY, ETC.
Summary, etc കായലുകളാൽ ചുറ്റപ്പെട്ട ആതിയെന്ന മനോഹരമായ പ്രദേശത്തിന് ചുറ്റും ജീവിക്കുന്നവരുടെ കഥയാണ് ആതി എന്ന ഈ നോവലിലൂടെ എഴുത്തുകാരി കാട്ടിത്തരുന്നത്. മനുഷ്യന്റെ അത്യാഗ്രഹം കൊണ്ട്, അവൻ കാട്ടിക്കൂട്ടുന്ന ദുഷ്പ്രവർത്തികൾക്ക് പ്രകൃതി എങ്ങനെയാണ് ഇരയാവുന്നത് എന്ന് നോവലിലൂടെ മനസ്സിലാക്കാം. കായൽ മലിനപ്പെടുത്തുന്നതിലൂടെ, പാടം മണ്ണിട്ടു നികത്തുന്നതിലൂടെ മനുഷ്യൻ സ്വന്തം ജീവിതത്തിന്റെ താളം തെറ്റിക്കുക മാത്രമല്ല, ഭൂമിയിലെ കോടാനു കോടി ജൈവസമ്പത്ത് നശിപ്പിക്കുക കൂടിയാണ് ചെയ്യുന്നത്. മനസ്സിലും ശരീരത്തിലും മാരകമായി അണുവികിരണമേറ്റുകൊണ്ടിരിക്കുന്ന ഈ ലോകത്തു നിന്നും ഓടിപോയി മുങ്ങിക്കിടക്കാൻ എനിക്കൊരു കയം വേണം" എന്ന ആശയം ഈ നോവലിലൂടെ ലഭിക്കുന്നു.
650 ## - SUBJECT ADDED ENTRY--TOPICAL TERM
Topical Term MALAYALAM NOVEL
942 ## - ADDED ENTRY ELEMENTS (KOHA)
Koha item type Books
Holdings
Withdrawn status Lost status Collection code Home library Current library Shelving location Date acquired Source of acquisition Cost, normal purchase price Full call number Accession Number Koha item type
    Fiction Main Library Main Library NEW SHELF WITH NEW ENTRY 07/03/2024 PURCHASED 300.00 894.812.3 SAR/A 13592 Books